000 00455nam a22001937a 4500
003 MPLRDC
005 20220104143533.0
008 210129b ||||| |||| 00| 0 eng d
020 _a957-698-155-7
082 _a418.51 LYL
100 _a龙又麟编
245 _a神奇的胎盘素
_c
250 _a初版
260 _a
_b青春
_c1995
300 _b
490 _a青春出版社. 281
650 _a动物性生药
942 _cBK
_o418.51 LYL
999 _c40894
_d40884